000 00523nam a2200181Ia 4500
005 20250423101525.0
008 250422s9999 xx 000 0 und d
020 _a9788122431391
050 _aQC 311.2 .H33/
100 _aHaddad, Wassim M.
245 0 _aThermodynamics : A dynamical systems approach
260 _aNew Delhi
260 _bNew Age International (P) Limited
260 _c2010
300 _a187 p
650 _a Thermodynamics--Mathematics. Differentiable dynamical systems.
942 _cBK
999 _c36541
_d36541